| 000 | 00735nam a2200241 u 4500 | ||
|---|---|---|---|
| 005 | 20240911064010.0 | ||
| 008 | 141118s2009 r 000 0 eng d | ||
| 020 | _a9788598750439 | ||
| 020 | _a9788598750460 | ||
| 035 | _aUPN01000200799 | ||
| 049 | _aI | ||
| 050 | 4 |
_aZ718.1 _bB6.9 |
|
| 100 | 1 |
_aBorges, Iris _936632 |
|
| 245 | 1 | 0 |
_aYo amo las bibliotecas / _cIris Borges ; tr. de Romeo Tello Arista. |
| 260 |
_aSáo Paulo : _bInstituto Callis, _c2009. |
||
| 300 |
_a22 p. : _bil. |
||
| 440 | 0 | _aLibros para soñar | |
| 534 |
_pTítulo original : _tEu amo bibliotecas |
||
| 650 | 4 |
_aBIBLIOTECAS Y NIÑOS _919905 |
|
| 650 | 4 |
_aBibliotecas y lectores _93877 |
|
| 650 | 4 |
_aLibros y lectura para niños _92290 |
|
| 905 | _aInfantil | ||
| 999 |
_c172900 _d172900 |
||